Score 0/7 Timer 03:00
0 Plays Today
Question Answer Wrong Answers
The ______ Parliament repeals the Population Registration Act, which had required racial classification for all citizens at birth.
1991
South African
87.9%
Nigerian
3.8%
Libyan
2.5%
Egyptian
4%
Known as the Bonus Army, around one thousand veterans of this war amass at the United States Capitol as the US Senate considers a bill that would give them certain benefits.
1932
World War I
85.9%
Boxer Rebellion
6.3%
First Balkan War
3.6%
First Indochina War
3.8%
This influential book by Michael Lewis, about the 2002 Oakland Athletics baseball team and GM Billy Beane's sabermetric approach, is published.
2003
Moneyball
78.2%
The Big Short
4.8%
The Boys of Summer
12.2%
Ball Four
2.9%
Five White House operatives are arrested for burgling the ______ headquarters at the Watergate office complex in Washington, D.C.
1972
DNC
70.6%
FBI
14.3%
CIA
11.9%
ACLU
1.8%
The ______ Party opens its first national convention in Philadelphia.
1856
Republican
64.2%
Democratic
23.3%
Green
1.6%
Whig
10.9%
The United States Supreme Court rules 8–1 in Abington School District v. Schempp, declaring public school-sponsored ______ to be unconstitutional.
1963
Bible Reading
54%
Protests
3.2%
Segregation
39.4%
National Anthem Singing
2.6%
This American rapper from Compton, California, known for albums like ‘good kid, m.A.A.d city’, is born.
1987
Kendrick Lamar
42.1%
The Game
4.2%
Dr. Dre
48.2%
J. Cole
4%
Come Together.
Have Fun.
All Virtual.
We all need to come together. Play Sporcle's virtual live trivia to have fun, connect with people, and get your trivia on. Join a live hosted trivia game for your favorite pub trivia experience done virtually. If a virtual private party is more your thing, go here for details.

You're not logged in!

Compare scores with friends on all Sporcle quizzes.
OR
Log In

Sporcle TV

Today on Sporcle TV


Watch our educational content, quiz creation guides, and fun videos on Sporcle TV.

Show Comments

Extras

Top Quizzes Today


Score Distribution

Paid Content

Your Account Isn't Verified!

In order to create a playlist on Sporcle, you need to verify the email address you used during registration. Go to your Sporcle Settings to finish the process.

Report this User

Report this user for behavior that violates our Community Guidelines.

Details: